Vertikální lesy: Budoucnost nejen pro Čínu

Čína sa dusí v smogu. Aby smog zmizol, mestá potrebujú viacej zelene. Spása pre Čínu prichádza z Talianska. Číňania konečne začínajú chápať potrebu udržateľného rozvoja a zelenej architektúry. Vertikálne lesy na Ďalekom východe aj v Európe. Využitie obnoviteľných zdrojov energie aj na vidieku.

Salvato in:
Dettagli Bibliografici
Autore principale: Dytrych, Simon
Natura: Capitolo di libro
Lingua:ceco
Soggetti:
Tags: Aggiungi Tag
Nessun Tag, puoi essere il primo ad aggiungerne!!

MARC

LEADER 00000naa a2200000 4500
001 0238412
005 20221104112255.4
041 0 |a cze 
044 |a CZ 
245 1 0 |a Vertikální lesy: Budoucnost nejen pro Čínu  |c Simon Dytrych 
520 |a Čína sa dusí v smogu. Aby smog zmizol, mestá potrebujú viacej zelene. Spása pre Čínu prichádza z Talianska. Číňania konečne začínajú chápať potrebu udržateľného rozvoja a zelenej architektúry. Vertikálne lesy na Ďalekom východe aj v Európe. Využitie obnoviteľných zdrojov energie aj na vidieku. 
610 2 0 |a rozvoj trvalo udržateľný 
610 2 0 |a ekológia 
610 2 0 |a urbanizácia 
610 2 0 |a lesy 
610 2 0 |a zdroje energie obnoviteľné 
610 2 0 |a zdroje energie prírodné 
610 2 0 |a ochrana prostredia životného 
610 2 0 |a architektúra 
610 2 0 |a Čína 
610 2 0 |a Európa 
610 2 0 |a Taliansko 
100 1 |a Dytrych, Simon